000 01242nam0a2200337 4500
001 RU\NLR\BIBL_A\010205233
005 20250630150843.0
010 _a978-4346-0209-9
_920000
021 _aRU
_b2014-270
_914
035 _a(NLR Aleph) 010205233
035 _a(NILC)RuMoRGB-006727907
090 _a10248228
_c10248228
100 _a20140311d2013 |||y0rusy50 ca
101 0 _arus
102 _aRU
105 _aa|||z|||||0y|
200 1 _aЕда против стресса
_f[сост.: Е. Руфанова]
210 _aНижний Новгород
_cСлог
_d2013
215 _a95 с.
_cцв. ил.
_d16
225 1 _aСовременная еда
606 _aПитание при эмоциональном стрессе
_91866644
_3RU\NLR\AUTH\66847044
606 _aДиетические блюда
_xРецептура
_92080802
_3RU\NLR\AUTH\661256754
606 1 _aСтресс
_jПопулярные издания
_xЛечебное питание
_92395743
_3RU\NLR\AUTH\661428421
686 1 _aЛ996.5
686 1 _aР341.28-51я9
702 1 _aРуфанова
_bЕ. В.
_gЕлена В
_4220
801 0 _aRU
_bРГБ
_c20140127
_gRCR
942 _cBOOK
980 _aNBR
980 _aNB